| 000 | 00880nam a22002777a 4500 | ||
|---|---|---|---|
| 001 | 200426618 | ||
| 999 |
_c200426618 _d44542 |
||
| 003 | TR-AnTOB | ||
| 005 | 20241014143620.0 | ||
| 008 | 170516t2014 ru ||||| |||| 00| 0 rus d | ||
| 020 | _a9785883373502 | ||
| 040 |
_aTR-AnTOB _beng _cTR-AnTOB _erda |
||
| 041 | 0 |
_arus _hrus |
|
| 050 | _aPG2115 | ||
| 099 | _aPCR EASY RUS A2 TSI 2014 | ||
| 100 | 1 |
_aSuslin, Dmitrij _9117513 |
|
| 245 | 1 | 0 |
_aTsirk priekhal : _bKniga dlja čtenija c zadanyjamy dlja izučajuščich russkij jazyk kak inostrannyj / _cDimitrij Suslin. |
| 264 |
_aMoskva : _bRusskij jazyk kursy ; _c2014. |
||
| 300 |
_a48 pages : _billustrations ; _c21 cm |
||
| 336 |
_2rdacontent _atext |
||
| 337 |
_2rdamedia _aunmediated |
||
| 338 |
_2rdacarrier _avolume |
||
| 490 | 0 | _aKLACC!noe chtenie : | |
| 650 | 0 |
_aRussian language _vReaders _950463 |
|
| 942 |
_2lcc _cBBK |
||